Measurement and assessment in teaching / (Record no. 98994)

MARC details
000 -LEADER
fixed length control field 01383cam a2200385 a 4500
001 - CONTROL NUMBER
control field 17214028
003 - CONTROL NUMBER IDENTIFIER
control field URS
005 - DATE AND TIME OF LATEST TRANSACTION
control field 20260311075830.0
008 - FIXED-LENGTH DATA ELEMENTS--GENERAL INFORMATION
fixed length control field 120316s2013 maua 001 0 eng
010 ## - LIBRARY OF CONGRESS CONTROL NUMBER
LC control number 2012009285
020 ## - INTERNATIONAL STANDARD BOOK NUMBER
International Standard Book Number 9780132689663
Qualifying information hbk.
020 ## - INTERNATIONAL STANDARD BOOK NUMBER
International Standard Book Number 0132689669
035 ## - SYSTEM CONTROL NUMBER
System control number 17214028
040 ## - CATALOGING SOURCE
Original cataloging agency DLC
Transcribing agency DLC
Modifying agency URS
Language of cataloging eng
Description conventions rda
050 00 - LIBRARY OF CONGRESS CALL NUMBER
Classification number LB 3051
Item number .M6121 2013
100 1# - MAIN ENTRY--PERSONAL NAME
Personal name Miller, M. David.
245 10 - TITLE STATEMENT
Title Measurement and assessment in teaching /
Statement of responsibility, etc. M. David Miller, Robert L. Linn, Norman Gronlund.
250 ## - EDITION STATEMENT
Edition statement 11th edition
260 ## - PUBLICATION, DISTRIBUTION, ETC.
Date of publication, distribution, etc.
264 ## - PRODUCTION, PUBLICATION, DISTRIBUTION, MANUFACTURE, AND COPYRIGHT NOTICE
Place of production, publication, distribution, manufacture Boston :
Name of producer, publisher, distributor, manufacturer Pearson,
Date of production, publication, distribution, manufacture, or copyright notice c2013.
300 ## - PHYSICAL DESCRIPTION
Extent xviii, 538 pages :
Other physical details illustrations;
Dimensions 24 centimeters.
336 ## - CONTENT TYPE
Content type term text
Content type code txt
Source rdacontent
337 ## - MEDIA TYPE
Media type term unmediated
Media type code n
Source rdamedia
338 ## - CARRIER TYPE
Carrier type term volume
Carrier type code nc
Source rdacarrier
500 ## - GENERAL NOTE
General note Prev. editions entered under: Linn, Robert L.
500 ## - GENERAL NOTE
General note Includes index and appendices.
650 #0 - SUBJECT ADDED ENTRY--TOPICAL TERM
Topical term or geographic name entry element Educational tests and measurements.
650 #0 - SUBJECT ADDED ENTRY--TOPICAL TERM
Topical term or geographic name entry element Assessment in teaching
700 1# - ADDED ENTRY--PERSONAL NAME
Personal name Linn, Robert L.
700 1# - ADDED ENTRY--PERSONAL NAME
Personal name Gronlund, Norman
906 ## - LOCAL DATA ELEMENT F, LDF (RLIN)
a 7
b cbc
c orignew
d 1
e ecip
f 20
g y-gencatlg
942 ## - ADDED ENTRY ELEMENTS (KOHA)
Source of classification or shelving scheme Library of Congress Classification
Koha item type Foreign Books
Edition eleventh edition
Classification part LB 3051
Item part .M6121 2013
Holdings
Withdrawn status Source of classification or shelving scheme Damaged status Not for loan Home library Current library Shelving location Date acquired Total Checkouts Full call number Barcode Date last seen Price effective from Koha item type
  Library of Congress Classification     Angono College Library Angono College Library Foreign Section 03/11/2026   LB 3051 .M6121 2013 URSANG-5692 03/11/2026 03/11/2026 Foreign Books

University of Rizal System
Email us at univlibservices@urs.edu.ph

Visit our Website www.urs.edu.ph/library